| 000 | 00371 a2200145 4500 | ||
|---|---|---|---|
| 005 | 20250627135713.0 | ||
| 020 | _a0-07-560954-1 | ||
| 082 | _a332.632 INV. | ||
| 111 | _aINVESTMENTS BODIE. | ||
| 245 | _aInvestments Bodies, | ||
| 250 | _a3rd Ed. | ||
| 260 |
_aOttawa, _bMc Graw Hill Irwin, _c2000. |
||
| 300 |
_axxi.; 935p.;Ill.; picture. _bIndex, _c25cm. |
||
| 942 |
_2ddc _cBKS |
||
| 999 |
_c5666 _d5666 |
||